[Event "POL-chT3 Wielkopolskie 1314"]
[Site "Poland"]
[Date "2014.02.16"]
[Round "7.9"]
[White "Hanusek, Krzysztof"]
[Black "Wojciechowski, Antoni"]
[Result "1-0"]
[WhiteElo "1821"]
[BlackElo "1520"]
[PlyCount "65"]
[EventDate "2013.10.27"]
[EventType "team-tourn"]
[EventRounds "11"]
[EventCountry "POL"]
[SourceTitle "EXT 2015"]
[Source "ChessBase"]
[SourceDate "2014.11.20"]
[SourceVersion "1"]
[SourceVersionDate "2014.11.20"]
[SourceQuality "1"]
[WhiteTeam "Wolsztyn UKS Szach"]
[BlackTeam "Poznan UMKS Na Pieterku"]
[WhiteTeamCountry "POL"]
[BlackTeamCountry "POL"]

1. e4 e6 2. d4 d5 3. Nd2 Nf6 4. e5 Nfd7 5. Bd3 c5 6. c3 Nc6 7. Ne2 c4 8. Bc2 b5 9. 0-0 f6 10. Nf4 Qe7 11. exf6 Nxf6 12. Nf3 Qc7 13. Ng5 Nd8 14. Re1 Qd6 15. Bf5 Ne4 16. Nxe4 dxe4 17. Bxe4 Rb8 18. Qh5+ Nf7 19. Bd5 g6 20. Qh3 Ng5 21. Qg4 Kf7 22. Qxg5 exd5 23. Nxd5 Rb7 24. Bf4 Qc6 25. Be5 Bg7 26. Bxg7 Kxg7 27. Qe5+ Kg8 28. Ne7+ Rxe7 29. Qxe7 Qd7 30. Qxd7 Bxd7 31. Re7 Bf5 32. Rxa7 h5 33. Re1 1-0

[Event "POL-chT3 Wielkopolskie 1314"]
[Site "Poland"]
[Date "2014.01.05"]
[Round "5.27"]
[White "Hanusek, Krzysztof"]
[Black "Skrzypczak, Michal"]
[Result "1/2-1/2"]
[WhiteElo "1821"]
[BlackElo "1986"]
[PlyCount "132"]
[EventDate "2013.10.27"]
[EventType "team-tourn"]
[EventRounds "11"]
[EventCountry "POL"]
[SourceTitle "EXT 2015"]
[Source "ChessBase"]
[SourceDate "2014.11.20"]
[SourceVersion "1"]
[SourceVersionDate "2014.11.20"]
[SourceQuality "1"]
[WhiteTeam "Wolsztyn UKS Szach"]
[BlackTeam "Srem LKS Piast"]
[WhiteTeamCountry "POL"]
[BlackTeamCountry "POL"]

1. e4 d5 2. exd5 Nf6 3. d4 Nxd5 4. Nc3 e6 5. Nf3 Be7 6. Bd3 Nc6 7. 0-0 a6 8. Re1 b5 9. Nxd5 exd5 10. Bg5 Be6 11. h4 h6 12. Bxe7 Qxe7 13. Bf5 Nd8 14. Qd2 0-0 15. c3 Qf6 16. Bc2 Nc6 17. h5 Bf5 18. Bxf5 Qxf5 19. Ne5 Na5 20. b4 Nc4 21. Nxc4 bxc4 22. Re5 Qd7 23. Rae1 a5 24. a3 axb4 25. axb4 Ra3 26. R1e3 Ra1+ 27. Kh2 Qg4 28. Rg3 Qh4+ 29. Rh3 Qg4 30. f3 Qd7 31. Rg3 Kh8 32. Qe2 Rc1 33. f4 Qa4 34. Rxd5 Qa1 35. Re3 Kh7 36. Qxc4 Rh1+ 37. Kg3 Qg1 38. Rde5 Qh2+ 39. Kf3 f5 40. d5 Qxh5+ 41. Kf2 Ra8 42. Rg3 Qf7 43. Qe2 Rg8 44. c4 Rh4 45. Qe3 Kh8 46. Re6 Qf8 47. c5 Qa8 48. Qd4 Qa2+ 49. Re2 Qb1 50. d6 cxd6 51. cxd6 Qc1 52. Rf3 Rh1 53. Kg3 h5 54. Rc3 Qf1 55. Rf2 Qe1 56. Re3 h4+ 57. Kf3 Qd1+ 58. Qxd1 Rxd1 59. Re5 g6 60. Re6 Kg7 61. Rfe2 Rd8 62. Re7+ Kf8 63. Rh7 R8xd6 64. Rxh4 Rb1 65. Rh8+ Kf7 66. Rb8 Rd4 1/2-1/2

[Event "POL-chT3 Wielkopolskie 1314"]
[Site "Poland"]
[Date "2013.12.01"]
[Round "2.16"]
[White "Banach, Szymon"]
[Black "Hanusek, Krzysztof"]
[Result "0-1"]
[WhiteElo "1839"]
[BlackElo "1821"]
[PlyCount "98"]
[EventDate "2013.10.27"]
[EventType "team-tourn"]
[EventRounds "11"]
[EventCountry "POL"]
[SourceTitle "EXT 2015"]
[Source "ChessBase"]
[SourceDate "2014.11.20"]
[SourceVersion "1"]
[SourceVersionDate "2014.11.20"]
[SourceQuality "1"]
[WhiteTeam "Gniezno LKS Chrobry II"]
[BlackTeam "Wolsztyn UKS Szach"]
[WhiteTeamCountry "POL"]
[BlackTeamCountry "POL"]

1. e4 e5 2. Nf3 Nc6 3. Bb5 a6 4. Ba4 Nf6 5. 0-0 b5 6. Bb3 Be7 7. Re1 d6 8. c3 Bg4 9. h3 Bh5 10. d3 Na5 11. Bc2 c5 12. Nbd2 Qc7 13. Nf1 0-0 14. Ng3 Bg6 15. Nh4 d5 16. Nhf5 Nc6 17. Bg5 d4 18. Bb3 dxc3 19. bxc3 Nd8 20. Nxe7+ Qxe7 21. Bd5 Ra7 22. c4 Qd6 23. Bxf6 Qxf6 24. Qb3 Qb6 25. Nf5 Ne6 26. Bxe6 fxe6 27. Ne3 b4 28. Rad1 a5 29. Rd2 Qd6 30. a4 Rd7 31. Nc2 Qe7 32. Re3 Qg5 33. Rd1 Bh5 34. Rf1 Rf3 35. h4 Qg6 36. Qb2 Rxe3 37. fxe3 Qg3 38. d4 exd4 39. exd4 cxd4 40. c5 Qc3 41. Qc1 d3 42. Qf4 Qxc5+ 43. Ne3 h6 44. Qb8+ Kh7 45. Rf8 Qxe3+ 46. Kh2 Rf7 47. Rh8+ Kg6 48. Qg8 Qf4+ 49. Kg1 d2 0-1

[Event "POL-chT 3rd League Wielkopolska 12/13"]
[Site "Poznan"]
[Date "2013.03.10"]
[Round "10.22"]
[White "Hanusek, Krzysztof"]
[Black "Plonczak, Mateusz"]
[Result "1/2-1/2"]
[WhiteElo "1834"]
[BlackElo "1962"]
[PlyCount "63"]
[EventDate "2012.11.25"]
[EventType "team-tourn"]
[EventRounds "11"]
[EventCountry "POL"]
[SourceTitle "EXT 2014"]
[Source "ChessBase"]
[SourceDate "2013.11.20"]
[SourceVersion "1"]
[SourceVersionDate "2013.11.20"]
[SourceQuality "1"]
[WhiteTeam "Wolsztyn UKS Szach"]
[BlackTeam "Kornik MUKS Wieza Kornicka"]
[WhiteTeamCountry "POL"]
[BlackTeamCountry "POL"]

1. e4 c5 2. Nf3 Nc6 3. d4 cxd4 4. Nxd4 Nf6 5. Nc3 e5 6. Ndb5 d6 7. Bg5 a6 8. Na3 b5 9. Nd5 Be7 10. Bxf6 Bxf6 11. c3 0-0 12. Nc2 Rb8 13. Bd3 Be6 14. Nce3 Bg5 15. 0-0 Ne7 16. Nxe7+ Qxe7 17. Qf3 Bxe3 18. Qxe3 Rfd8 19. f4 f6 20. Rf2 a5 21. h4 Qf7 22. f5 Bc4 23. g4 d5 24. Bxc4 dxc4 25. Rd2 Rd7 26. Rad1 Rbd8 27. Kf2 Qe7 28. Ke2 h6 29. Rxd7 Rxd7 30. Rxd7 Qxd7 31. Qd2 Qc6 32. Kf3 1/2-1/2

[Event "POL-chT 3rd League Wielkopolska 12/13"]
[Site "Poznan"]
[Date "2013.03.10"]
[Round "11.16"]
[White "Wojtkowski, Pawel"]
[Black "Hanusek, Krzysztof"]
[Result "1-0"]
[WhiteElo "1933"]
[BlackElo "1834"]
[PlyCount "69"]
[EventDate "2012.11.25"]
[EventType "team-tourn"]
[EventRounds "11"]
[EventCountry "POL"]
[SourceTitle "EXT 2014"]
[Source "ChessBase"]
[SourceDate "2013.11.20"]
[SourceVersion "1"]
[SourceVersionDate "2013.11.20"]
[SourceQuality "1"]
[WhiteTeam "Srem LKS Piast"]
[BlackTeam "Wolsztyn UKS Szach"]
[WhiteTeamCountry "POL"]
[BlackTeamCountry "POL"]

1. d4 d5 2. Bf4 Nf6 3. Nf3 e6 4. e3 Be7 5. h3 Nbd7 6. Bd3 b6 7. 0-0 Bb7 8. Nbd2 c5 9. c3 0-0 10. Bh2 Rc8 11. Ne1 Ne4 12. f3 Nxd2 13. Qxd2 f5 14. g4 g6 15. Ng2 Bg5 16. Bd6 Rf7 17. Bf4 Bf6 18. Rae1 Qf8 19. g5 Bg7 20. Bg3 e5 21. Bb5 f4 22. dxe5 fxg3 23. e6 Ne5 24. exf7+ Qxf7 25. f4 Nc6 26. Bd3 Re8 27. Nh4 d4 28. f5 dxe3 29. Rxe3 Rxe3 30. Qxe3 Ne5 31. Be4 Qc4 32. Bxb7 Qxh4 33. Bd5+ Kh8 34. Kg2 gxf5 35. Rxf5 1-0

[Event "POL-chT 3rd League Wielkopolska 12/13"]
[Site "Poznan"]
[Date "2013.02.24"]
[Round "8.28"]
[White "Nowakowski, Jaroslaw"]
[Black "Hanusek, Krzysztof"]
[Result "0-1"]
[WhiteElo "1785"]
[BlackElo "1834"]
[PlyCount "90"]
[EventDate "2012.11.25"]
[EventType "team-tourn"]
[EventRounds "11"]
[EventCountry "POL"]
[SourceTitle "EXT 2014"]
[Source "ChessBase"]
[SourceDate "2013.11.20"]
[SourceVersion "1"]
[SourceVersionDate "2013.11.20"]
[SourceQuality "1"]
[WhiteTeam "Szamotuly Baszta"]
[BlackTeam "Wolsztyn UKS Szach"]
[WhiteTeamCountry "POL"]
[BlackTeamCountry "POL"]

1. d4 d5 2. Nf3 Nf6 3. g3 e6 4. Bg2 b6 5. 0-0 Bb7 6. Bg5 Be7 7. e3 Nbd7 8. Nbd2 Rc8 9. Nb3 0-0 10. c3 a5 11. Re1 c5 12. dxc5 bxc5 13. Nfd2 Ne5 14. Nc1 Qc7 15. Bf4 Bd6 16. Bxe5 Bxe5 17. Nd3 Bd6 18. e4 c4 19. e5 cxd3 20. exd6 Qxd6 21. Nb3 Qb6 22. Qxd3 a4 23. Nd4 Ba6 24. Qd2 Rb8 25. Rab1 Rfc8 26. h3 Rc7 27. Kh2 Qc5 28. f3 h6 29. Bf1 Bxf1 30. Rxf1 Qc4 31. a3 Nd7 32. Nc2 Rxb2 33. Rxb2 Qxf1 34. Qe3 Qc4 35. Rb4 Qxc3 36. Qxc3 Rxc3 37. Nd4 Rxa3 38. Rb7 Ne5 39. f4 Nf3+ 40. Nxf3 Rxf3 41. Ra7 a3 42. Kg2 Rb3 43. g4 d4 44. h4 d3 45. Kf2 Rb2+ 0-1

[Event "POL-chT U19 2nd League"]
[Site "Borowice"]
[Date "2012.07.25"]
[Round "6"]
[White "Hanusek, Krzysztof"]
[Black "Reza, Wojciech"]
[Result "0-1"]
[WhiteElo "1816"]
[BlackElo "2070"]
[PlyCount "90"]
[EventDate "2012.07.21"]
[EventType "team-swiss"]
[EventRounds "11"]
[EventCountry "POL"]
[SourceTitle "EXT 2014"]
[Source "ChessBase"]
[SourceDate "2013.11.20"]
[SourceVersion "1"]
[SourceVersionDate "2013.11.20"]
[SourceQuality "1"]
[WhiteTeam "Wolsztyn UKS Szach U19"]
[BlackTeam "Radom UKS MDK U19"]
[WhiteTeamCountry "POL"]
[BlackTeamCountry "POL"]

1. e4 c5 2. Nf3 e6 3. d4 cxd4 4. Nxd4 Nc6 5. Be3 Nf6 6. Nc3 Bb4 7. Bd3 d5 8. Nxc6 bxc6 9. e5 d4 10. Bd2 Nd7 11. Ne4 Bxd2+ 12. Qxd2 Nxe5 13. Qb4 Qb6 14. Qa3 Qc7 15. 0-0 f5 16. Nd2 c5 17. Bb5+ Kf7 18. h3 Bb7 19. f4 Ng6 20. Qg3 Rhd8 21. Bc4 Bd5 22. Rae1 Kg8 23. h4 Rab8 24. b3 Nh8 25. Re5 Nf7 26. Bxd5 Nxe5 27. Bxe6+ Nf7 28. Bxf5 Re8 29. Ne4 Qc6 30. Re1 Nh6 31. Bd7 Qxe4 32. Rxe4 Rxe4 33. f5 Rf8 34. Qf3 Re5 35. Qf4 Re2 36. c3 Rxa2 37. cxd4 cxd4 38. Qxd4 Rc2 39. Qxa7 Ng4 40. g3 h5 41. Qd4 Kh8 42. b4 Ra8 43. b5 Raa2 44. Qd1 Rg2+ 45. Kh1 Rh2+ 0-1

[Event "POL-chT U19 2nd League"]
[Site "Borowice"]
[Date "2012.07.21"]
[Round "1"]
[White "Hanusek, Krzysztof"]
[Black "Wiewiora, Eneasz"]
[Result "0-1"]
[WhiteElo "1816"]
[BlackElo "2152"]
[PlyCount "76"]
[EventDate "2012.07.21"]
[EventType "team-swiss"]
[EventRounds "11"]
[EventCountry "POL"]
[SourceTitle "EXT 2014"]
[Source "ChessBase"]
[SourceDate "2013.11.20"]
[SourceVersion "1"]
[SourceVersionDate "2013.11.20"]
[SourceQuality "1"]
[WhiteTeam "Wolsztyn UKS Szach U19"]
[BlackTeam "Pszczyna PSSz U19"]
[WhiteTeamCountry "POL"]
[BlackTeamCountry "POL"]

1. e4 d6 2. d4 Nf6 3. Nc3 e5 4. Nf3 Nbd7 5. dxe5 dxe5 6. Bc4 Be7 7. Be3 0-0 8. 0-0 c6 9. a4 b6 10. Qe2 a6 11. Rfd1 Qc7 12. Bg5 Nc5 13. Bxf6 Bxf6 14. b4 Ne6 15. Nb1 Nf4 16. Qe3 Be7 17. c3 a5 18. b5 cxb5 19. Bxb5 Bc5 20. Qe1 Bg4 21. Nbd2 Rad8 22. Kh1 Rd6 23. Nb3 Bxf3 24. gxf3 Rfd8 25. Rxd6 Rxd6 26. Nxc5 Qxc5 27. Qe3 Qc7 28. Rg1 Qd8 29. Be2 Rd2 30. Qxd2 Qxd2 31. Rd1 Qxd1+ 32. Bxd1 Kf8 33. Kg1 Ke7 34. Kf1 Kd6 35. Bb3 f6 36. Bg8 h6 37. Ke1 Nd3+ 38. Ke2 Nc5 0-1

[Event "POL-chT3 Wielkopolska 1112"]
[Site "Poland"]
[Date "2012.??.??"]
[Round "8.17"]
[White "Hanusek, Krzysztof"]
[Black "Piechota, Piotr"]
[Result "1-0"]
[WhiteElo "1794"]
[BlackElo "1663"]
[PlyCount "43"]
[EventDate "2011.11.27"]
[EventType "team-tourn"]
[EventRounds "11"]
[EventCountry "POL"]
[SourceTitle "EXT 2014"]
[Source "ChessBase"]
[SourceDate "2013.11.20"]
[SourceVersion "1"]
[SourceVersionDate "2013.11.20"]
[SourceQuality "1"]
[WhiteTeam "Wolsztyn UKS Szach"]
[BlackTeam "Szamotuly Baszta"]
[WhiteTeamCountry "POL"]
[BlackTeamCountry "POL"]

1. e4 c5 2. Nf3 d6 3. d4 Nc6 4. Nc3 cxd4 5. Nxd4 g6 6. Be3 Bg7 7. Qd2 Nf6 8. f3 Bd7 9. 0-0-0 Qa5 10. g4 h6 11. h4 0-0-0 12. Nb3 Qc7 13. Nb5 Qb8 14. Na5 a6 15. Nxc6 Bxc6 16. Na7+ Kd7 17. Bb6 Rdf8 18. Qa5 Ne8 19. Nxc6 Kxc6 20. Rd5 Nc7 21. Bxc7 Qxc7 22. Bb5+ 1-0

[Event "POL-ch U16"]
[Site "Murzasichle"]
[Date "2011.03.12"]
[Round "9"]
[White "Gawiec, Konrad"]
[Black "Hanusek, Krzysztof"]
[Result "1/2-1/2"]
[WhiteElo "1878"]
[BlackElo "1779"]
[PlyCount "61"]
[EventDate "2011.03.05"]
[EventType "swiss"]
[EventRounds "9"]
[EventCountry "POL"]
[SourceTitle "EXT 2012"]
[Source "ChessBase"]
[SourceDate "2011.11.24"]
[SourceVersion "1"]
[SourceVersionDate "2011.11.24"]
[SourceQuality "1"]

1. e4 e5 2. Nf3 Nc6 3. Nc3 Bc5 4. Nxe5 Bxf2+ 5. Kxf2 Nxe5 6. d4 Qf6+ 7. Kg1 Ng6 8. Bc4 N8e7 9. h3 0-0 10. Kh2 Qc6 11. Bb3 d6 12. Rf1 Qe8 13. Bg5 Be6 14. Nd5 Bxd5 15. exd5 Qd7 16. Qd3 h6 17. Bd2 c6 18. dxc6 bxc6 19. Rf3 d5 20. Bb4 a5 21. Bxe7 Qxe7 22. a4 Qd6+ 23. Kg1 Nf4 24. Qd2 Ne6 25. Raf1 Ng5 26. Rf4 Ne4 27. Qd3 Rae8 28. c4 Re7 29. cxd5 cxd5 30. R1f3 Ng5 31. Rf1 1/2-1/2

[Event "POL-chT U19 2nd League"]
[Site "Chelm Lubelski"]
[Date "2010.07.14"]
[Round "11"]
[White "Hanusek, Krzysztof"]
[Black "Pisarek, Marcin"]
[Result "1/2-1/2"]
[WhiteElo "1742"]
[BlackElo "1746"]
[PlyCount "84"]
[EventDate "2010.07.06"]
[EventType "team-tourn"]
[EventRounds "11"]
[EventCountry "POL"]
[SourceTitle "EXT 2011"]
[Source "ChessBase"]
[SourceDate "2010.11.26"]
[SourceVersion "1"]
[SourceVersionDate "2010.11.26"]
[SourceQuality "1"]
[WhiteTeam "Wolsztyn UKS Szach U19"]
[BlackTeam "Jastrzebie Zdroj Pionier U19"]
[WhiteTeamCountry "POL"]
[BlackTeamCountry "POL"]

1. e4 c5 2. Nf3 d6 3. d4 cxd4 4. Nxd4 a6 5. Nc3 b5 6. Bd3 Bb7 7. 0-0 Nf6 8. f3 Nbd7 9. Be3 e6 10. Qe1 d5 11. exd5 Nxd5 12. Nxd5 Bxd5 13. Qg3 Qb8 14. Qg5 h6 15. Qh4 Be7 16. Qg4 Bf6 17. f4 0-0 18. f5 Ne5 19. Qh3 Nxd3 20. cxd3 exf5 21. Nxf5 Be6 22. Qf3 Bxf5 23. Qxf5 Qe5 24. Qxe5 Bxe5 25. d4 Bf6 26. Rac1 Rfe8 27. Kf2 Re4 28. Rcd1 Rd8 29. Kf3 Rde8 30. Rd3 Bg5 31. Bxg5 hxg5 32. Rf2 f5 33. g3 Rd8 34. Rfd2 Rd5 35. h3 g4+ 36. hxg4 Rxg4 37. Kg2 Kf7 38. Rf2 Rgxd4 39. Rxf5+ Ke6 40. Rxd4 Rxd4 41. Rf2 a5 42. Kf3 a4 1/2-1/2

[Event "POL-chT U19 2nd League"]
[Site "Chelm Lubelski"]
[Date "2010.07.11"]
[Round "7"]
[White "Hanusek, Krzysztof"]
[Black "Somyk, Marcin"]
[Result "0-1"]
[WhiteElo "1742"]
[BlackElo "1869"]
[PlyCount "62"]
[EventDate "2010.07.06"]
[EventType "team-tourn"]
[EventRounds "11"]
[EventCountry "POL"]
[SourceTitle "EXT 2011"]
[Source "ChessBase"]
[SourceDate "2010.11.26"]
[SourceVersion "1"]
[SourceVersionDate "2010.11.26"]
[SourceQuality "1"]
[WhiteTeam "Wolsztyn UKS Szach U19"]
[BlackTeam "Wroclaw MUKS MDK Fabryczna U19"]
[WhiteTeamCountry "POL"]
[BlackTeamCountry "POL"]

1. e4 c5 2. Nf3 d6 3. d4 cxd4 4. Nxd4 Nf6 5. Nc3 a6 6. Bg5 e6 7. Qd2 Be7 8. 0-0-0 Nbd7 9. Be2 Qc7 10. f4 b5 11. Bf3 Bb7 12. Bxf6 Nxf6 13. e5 b4 14. Nce2 dxe5 15. fxe5 Nd5 16. Bxd5 Bxd5 17. Qf4 0-0 18. h4 Qa5 19. Rhg1 Qxa2 20. g4 Rac8 21. g5 b3 22. Nc3 Qa1+ 23. Kd2 Qxb2 24. Nxd5 exd5 25. h5 bxc2 26. Rc1 Rc4 27. Rg4 Bc5 28. Rxc2 Qxd4+ 29. Qxd4 Rxd4+ 30. Rxd4 Bxd4 31. Rc6 Bxe5 0-1

[Event "POL-chT U19 2nd League"]
[Site "Chelm Lubelski"]
[Date "2010.07.06"]
[Round "2"]
[White "Hanusek, Krzysztof"]
[Black "Rosicki, Marcin"]
[Result "1-0"]
[WhiteElo "1742"]
[BlackElo "1548"]
[PlyCount "143"]
[EventDate "2010.07.06"]
[EventType "team-tourn"]
[EventRounds "11"]
[EventCountry "POL"]
[SourceTitle "EXT 2011"]
[Source "ChessBase"]
[SourceDate "2010.11.26"]
[SourceVersion "1"]
[SourceVersionDate "2010.11.26"]
[SourceQuality "1"]
[WhiteTeam "Wolsztyn UKS Szach U19"]
[BlackTeam "Jaworzno JKSz MCKiS U19 II"]
[WhiteTeamCountry "POL"]
[BlackTeamCountry "POL"]

1. e4 e5 2. Nf3 Nc6 3. Bc4 Nf6 4. Nc3 Nxe4 5. Bxf7+ Kxf7 6. Nxe4 Be7 7. d3 Rf8 8. h3 d5 9. Ng3 Kg8 10. 0-0 Qe8 11. Qe2 Bd6 12. c4 dxc4 13. dxc4 Qf7 14. Ng5 Qg6 15. Be3 h6 16. N5e4 Bf5 17. Nxf5 Rxf5 18. Nxd6 Qxd6 19. Rad1 Qe6 20. Rd2 Rff8 21. Rfd1 Rfd8 22. Rxd8+ Rxd8 23. Rxd8+ Nxd8 24. Qd3 Nc6 25. a3 a6 26. b4 Qd6 27. Qf5 Ne7 28. Qg4 Qg6 29. Qd7 Qd6 30. Qe8+ Kh7 31. Bc5 Qd1+ 32. Kh2 Ng6 33. Qc8 b6 34. Be3 Qd6 35. Qxa6 e4+ 36. Kg1 Qd1+ 37. Kh2 Qd6+ 38. g3 Ne5 39. c5 Nf3+ 40. Kg2 Qd1 41. Qf1 Ne1+ 42. Kh1 b5 43. h4 c6 44. Kh2 h5 45. Qh1 Nf3+ 46. Kg2 Ne1+ 47. Kh3 Qe2 48. Kh2 Nf3+ 49. Kg2 Qd3 50. Qc1 Qb3 51. Bf4 Qd3 52. Qe3 Qb1 53. Qc1 Qd3 54. Bd6 Kg8 55. Qf4 Qb1 56. Qf8+ Kh7 57. Qf5+ Kg8 58. Qxh5 Qg1+ 59. Kh3 Qxf2 60. Qe8+ Kh7 61. Qxe4+ Kg8 62. Qe6+ Kh8 63. Kg4 Nd4 64. Qe8+ Kh7 65. Qe4+ Kg8 66. Bf4 Qe2+ 67. Qxe2 Nxe2 68. Kf5 Kf7 69. Ke5 Ke7 70. g4 Nc3 71. h5 Nd5 72. g5 1-0